000 00300nam a2200109Ia 4500
008 200302s9999 xx 000 0 und d
100 _aDepartment of Education
245 _aSchool Furniture Dimensions Standing and Reaching
260 _bCbs Puglishers & Distributors
260 _c1974
300 _a29 P.,
999 _c494
_d494